[Event "Ch Sweden (team) 1999/00"]
[Site "?"]
[Date "2000.??.??"]
[Round "10"]
[White "Hector Jonny"]
[Black "Ivanov Sergey"]
[Result "1/2-1/2"]
[WhiteElo "2515"]
[BlackElo "2543"]
[PlyCount "67"]
[EventDate "2000.??.??"]
[Source "www.chesslib.no"]
[SourceDate "2004.05.04"]

1. Nc3 d5 2. e4 d4 3. Nce2 e5 4. Ng3 Be6 5. Be2 Qd7 6. Nf3 f6 7. O-O Nc6 8. Bb5 Nge7 9. d3 O-O-O 10. Nd2 h5 11. Nb3 Ng6 12. Na5 Nge7 13. Bd2 h4 14. Ne2 a6 15. Ba4 b5 16. Nxc6 Nxc6 17. Bb3 g5 18. f3 Kb7 19. Nc1 Be7 20. a4 Ra8 21. Qe2 Nd8 22. Bxe6 Nxe6 23. Nb3 c5 24. Rfb1 Bd8 25. axb5 axb5 26. Rxa8 Kxa8 27. Qe1 Kb7 28. Ba5 Be7 29. Bd2 Bd8 30. Ra1 Bb6 31. Ba5 Ba7 32. Bd2 Bb6 33. Ba5 Ba7 34. Bd2 1/2-1/2

[Event "Lone Pine Open"]
[Site "Lone Pine, CA USA"]
[Date "1978.??.??"]
[Round "3"]
[White "Mestrovic, Zvonimir"]
[Black "Larsen, Bent"]
[Result "0-1"]
[WhiteElo "2435"]
[BlackElo "2620"]
[PlyCount "70"]
[EventDate "1978.04.??"]
[Source "www.chesslib.no"]
[SourceDate "2004.05.04"]

1. Nc3 d5 2. Nf3 Nf6 3. d3 Nc6 4. g3 e5 5. Bg2 Bb4 6. O-O O-O 7. Bg5 Be6 8. e4 Bxc3 9. exd5 Bxb2 10. dxc6 bxc6 11. Rb1 Bc3 12. Nd2 Bxd2 13. Qxd2 Bxa2 14. Rb4 Bd5 15. f4 Bxg2 16. Qxg2 Qd6 17. Rc4 Nd5 18. fxe5 Qxe5 19. Bd2 Qd6 20. Qf2 a5 21. Ra4 f5 22. c4 Nb4 23. c5 Qxd3 24. Bxb4 axb4 25. Rxb4 Qd5 26. Rb2 Rad8 27. Re2 Rf6 28. Re7 h5 29. Rfe1 f4 30. R1e5 Qc4 31. Re4 Rd1+ 32. Kg2 Qd5 33. Re8+ Kf7 34. R8e7+ Kg6 35. Qf3 Rd3 0-1

[Event "Ch team"]
[Site "?"]
[Date "2000.??.??"]
[Round "6"]
[White "Mestrovic Zvonimir"]
[Black "Kozul Zdenko"]
[Result "0-1"]
[WhiteElo "2456"]
[BlackElo "2597"]
[PlyCount "106"]
[EventDate "2000.??.??"]
[Source "www.chesslib.no"]
[SourceDate "2004.05.04"]

1. Nc3 c5 2. Nf3 Nc6 3. g3 g6 4. d3 Bg7 5. Bd2 e5 6. Bg2 Nge7 7. Qc1 h6 8. O-O d6 9. e4 Be6 10. a3 Qd7 11. b4 Rc8 12. Ne2 Nd4 13. Nfxd4 cxd4 14. c4 b5 15. c5 h5 16. f4 Bg4 17. Rf2 O-O 18. fxe5 dxc5 19. bxc5 Bxe2 20. Rxe2 Nc6 21. Bf4 Nxe5 22. Bxe5 Bxe5 23. Rc2 Rc6 24. Qb2 Rb8 25. Qb3 Kg7 26. Qd5 Qc7 27. Rf1 f6 28. Rfc1 a6 29. Bh3 Rd8 30. Qb3 Qf7 31. Qb4 Rb8 32. Rf1 Qc7 33. Rfc1 Rh8 34. a4 bxa4 35. Rb1 h4 36. g4 Kh6 37. Qxa4 Rxc5 38. Rbc1 Rc3 39. Kh1 Qd6 40. Ra1 Rxc2 41. Qxc2 Rb8 42. Bf1 Rb6 43. Ra5 Qb8 44. Qf2 g5 45. Ra2 Qc8 46. h3 Qc5 47. Rc2 Qd6 48. Qf5 Rc6 49. Rb2 Qc7 50. Ra2 a5 51. Qf2 Rc1 52. Kg2 Kg7 53. Ra4 Bg3 0-1

[Event "Sochi (Russia)"]
[Site "?"]
[Date "1988.??.??"]
[Round "5"]
[White "Watson William N"]
[Black "Rodriguez Cespedes Amador"]
[Result "1-0"]
[WhiteElo "2500"]
[BlackElo "2550"]
[PlyCount "61"]
[EventDate "1988.??.??"]
[Source "www.chesslib.no"]
[SourceDate "2004.05.04"]

1. Nc3 d5 2. e4 d4 3. Nce2 c5 4. f4 Nc6 5. Nf3 Nf6 6. d3 Bg4 7. Neg1 e5 8. h3 Bxf3 9. Nxf3 exf4 10. Bxf4 Bd6 11. g3 O-O 12. Qd2 Nh5 13. O-O-O Nxg3 14. Rg1 Nxf1 15. Rdxf1 Bxf4 16. Qxf4 f6 17. Rg3 Rf7 18. Rfg1 Kh8 19. Ng5 Re7 20. Ne6 Qb8 21. Qxb8+ Rxb8 22. Nxg7 Ne5 23. Nf5 Ree8 24. Nh6 Ng6 25. h4 Kg7 26. h5 Kxh6 27. hxg6 Re5 28. Rh3+ Rh5 29. Rxh5+ Kxh5 30. gxh7 Kh6 31. Rg8 1-0

[Event "Lewkowitz Memorial B"]
[Site "Lewkowitz Memorial B"]
[Date "1994.??.??"]
[Round "?"]
[White "Perlo, Gerardus C. van"]
[Black "Rittner, Horst R"]
[Result "1/2-1/2"]
[WhiteElo "2440"]
[BlackElo "2600"]
[PlyCount "141"]
[EventDate "1994.??.??"]
[Source "www.chesslib.no"]
[SourceDate "2004.05.04"]

1. Nc3 c5 2. Nf3 Nc6 3. d4 d5 4. dxc5 d4 5. Ne4 Qd5 6. Ng3 e5 7. e4 Qxc5 8. a3 a5 9. Bd3 Bd6 10. O-O Nge7 11. b4 Qb6 12. b5 Nd8 13. Nd2 Be6 14. Bb2 Rc8 15. Qh5 O-O 16. f4 f6 17. fxe5 Bxe5 18. Nf5 Nxf5 19. exf5 Bd5 20. Rae1 Nf7 21. Qh4 Rfd8 22. Nf3 Bc4 23. a4 Qc5 24. Bc1 Bxd3 25. cxd3 Qc2 26. Nxe5 Nxe5 27. Rxe5 fxe5 28. f6 Rf8 29. Qg4 Rf7 30. Bh6 Rcc7 31. Qg3 Qc5 32. Bxg7 Qd6 33. Re1 Rc5 34. Bh6+ Kh8 35. Bf4 Rc8 36. Bxe5 Qb4 37. Ra1 Qb2 38. Rf1 Rc1 39. Qf4 Rxf1+ 40. Qxf1 h6 41. h3 Kg8 42. Qf5 Qc1+ 43. Kh2 Qg5 44. Qe6 Qg6 45. Bxd4 Kh7 46. Be5 Rg7 47. Qd5 Qf7 48. Qe4+ Rg6 49. d4 Kg8 50. d5 Rg5 51. h4 Qh5 52. Bf4 Rxd5 53. Bxh6 Re5 54. Qc4+ Qf7 55. Qg4+ Kh7 56. Bg5 Rc5 57. Qd4 Qd5 58. Qe3 Qe5+ 59. Qxe5 Rxe5 60. g4 Re4 61. Kg3 Kg6 62. Bd2 Kxf6 63. Bxa5 Rxa4 64. Bd2 Ra3+ 65. Kf4 Rb3 66. h5 Rxb5 67. Bc3+ Kf7 68. g5 Kg8 69. Be5 Rb4+ 70. Kf5 Rh4 71. h6 1/2-1/2

[Event "Corr"]
[Site "?"]
[Date "1998.01.05"]
[Round "?"]
[White "Stiefel Roland"]
[Black "Mercadal Benejam Jose (ESP)"]
[Result "1/2-1/2"]
[WhiteElo "2525"]
[BlackElo "2510"]
[PlyCount "94"]
[EventDate "1998.??.??"]
[Source "www.chesslib.no"]
[SourceDate "2004.05.04"]

1. Nc3 d5 2. e4 c6 3. f4 dxe4 4. Nxe4 Nf6 5. Nf2 g6 6. Nf3 Bg7 7. g3 Ng4 8. Nd3 Bf5 9. h3 Nf6 10. Nde5 Nbd7 11. g4 Be4 12. Rh2 Nxe5 13. Nxe5 Nd7 14. d3 Nxe5 15. dxe4 Qxd1+ 16. Kxd1 O-O-O+ 17. Ke2 Nc4 18. c3 h5 19. g5 Rd7 20. Kf3 Nb6 21. Rd2 Rhd8 22. Rxd7 Rxd7 23. Be3 Kc7 24. Rc1 e6 25. b3 Nc8 26. Be2 b6 27. Ba6 Ne7 28. a4 Nc8 29. Ke2 Nd6 30. Bd3 Nc8 31. Bd2 Nd6 32. Rf1 Re7 33. Kd1 Rd7 34. Kc2 Nb7 35. Be3 Rd8 36. f5 Be5 37. b4 c5 38. h4 cxb4 39. cxb4 Rc8 40. Kd2 Kd6 41. Ba6 Rc7 42. f6 Kd7 43. Bb5+ Kd8 44. Rd1 Nd6 45. Ke2 Rc2+ 46. Kf3 Rb2 47. Bf4 Bxf4 1/2-1/2

[Event "Synthesia Rapid Open"]
[Site "Pardubice CEC"]
[Date "2007.07.18"]
[Round "5"]
[White "Teske, H."]
[Black "Manik, M."]
[Result "1/2-1/2"]
[WhiteElo "2578"]
[BlackElo "2457"]
[PlyCount "132"]
[EventDate "2007.07.18"]
[Source "www.chesslib.no"]
[SourceDate "2004.05.04"]

1. Nc3 c5 2. Nf3 Nc6 3. d4 cxd4 4. Nxd4 d6 5. g3 e6 6. Bg2 Bd7 7. Ndb5 Qb8 8. Bf4 Ne5 9. Qd4 Bxb5 10. Nxb5 a6 11. Rd1 axb5 12. Bxe5 Nf6 13. Bxf6 gxf6 14. Qxf6 Rg8 15. a3 Bg7 16. Qf4 Bxb2 17. Qb4 Bxa3 18. Qxb5+ Ke7 19. O-O Ra7 20. Rb1 Qc7 21. c4 Bc5 22. Qb3 b6 23. Qd3 Rg7 24. Qc3 Kf8 25. Ra1 b5 26. Rxa7 Bxa7 27. Rb1 Qxc4 28. Qa5 f5 29. Qd8+ Kf7 30. Qxd6 Qxe2 31. Qc7+ Kg6 32. Qf4 Rd7 33. Bf1 Qe4 34. Qxe4 fxe4 35. Bg2 Rd4 36. Rxb5 Rd1+ 37. Bf1 Rd2 38. Bc4 Rxf2 39. Kh1 Rc2 40. Bxe6 Rf2 41. Re5 e3 42. Bc4 h6 43. Re6+ Kf5 44. Rxh6 e2 45. Bxe2 Rxe2 46. Rh4 Be3 47. Ra4 Rd2 48. Rh4 Bd4 49. Rf4+ Kg5 50. Re4 Kf5 51. Rf4+ Ke5 52. Rh4 Be3 53. Rg4 Kf5 54. Rh4 Bg5 55. Rc4 Bf6 56. Rf4+ Kg5 57. Kg1 Be5 58. Re4 Bd6 59. Kh1 Kf5 60. Rh4 Be5 61. Kg1 Bf6 62. Rf4+ Kg6 63. Kh1 Bg5 64. Rc4 Kf5 65. Rb4 Be3 66. Rh4 Kg5 1/2-1/2

[Event "Budapest FS10 GM"]
[Site "Budapest"]
[Date "1994.??.??"]
[Round "6"]
[White "Horvath, Csaba"]
[Black "Lukacs, Peter"]
[Result "1-0"]
[WhiteElo "2540"]
[BlackElo "2490"]
[PlyCount "41"]
[EventDate "1994.10.??"]
[Source "ChessBase"]

1. Nc3 e5 2. d4 exd4 3. Qxd4 Nf6 4. g4 Nc6 5. Qe3+ Be7 6. g5 Ng4 7. Qe4 Nb4 8. Nd5 Nxd5 9. Qxd5 d6 10. f4 c6 11. Qd4 h6 12. Qxg7 Kd7 13. Nf3 Kc7 14. Qxf7 hxg5 15. fxg5 Rf8 16. Qb3 Bf5 17. Rg1 Qd7 18. Bd2 Rae8 19. h3 Ne5 20. Nxe5 dxe5 21. O-O-O 1-0

[Event "Cup Croatia"]
[Site "?"]
[Date "1998.??.??"]
[Round "2"]
[White "Mestrovic Zvonimir"]
[Black "Palac Mladen"]
[Result "0-1"]
[WhiteElo "2455"]
[BlackElo "2560"]
[PlyCount "70"]
[EventDate "1998.??.??"]
[Source "www.chesslib.no"]
[SourceDate "2004.05.04"]

1. Nc3 c5 2. Nf3 Nc6 3. d4 d5 4. Bf4 Bg4 5. e4 dxe4 6. d5 exf3 7. dxc6 bxc6 8. h3 fxg2 9. Qxd8+ Rxd8 10. Bxg2 Bd7 11. O-O-O Nf6 12. Rd2 e6 13. Bc7 Rc8 14. Be5 Nd5 15. Ne4 c4 16. Bf1 f6 17. Nd6+ Bxd6 18. Bxd6 c3 19. bxc3 c5 20. Bg2 Bc6 21. Re1 Kf7 22. Bxc5 Nxc3 23. Bxc6 Rxc6 24. Rd7+ Kg6 25. Bxa7 Rhc8 26. Kb2 Nb5 27. Re2 Ra8 28. Be3 Rb8 29. Kc1 Nc3 30. Re1 Rb1+ 31. Kd2 Ne4+ 32. Ke2 Rxc2+ 33. Bd2 Nxd2 34. Rxd2 Rxd2+ 35. Kxd2 Rb2+ 0-1

[Event "New York USA"]
[Site "?"]
[Date "2002.??.??"]
[Round "2"]
[White "Bonin Jay R"]
[Black "Benjamin Joel"]
[Result "1-0"]
[WhiteElo "2419"]
[BlackElo "2596"]
[PlyCount "87"]
[EventDate "2002.??.??"]
[Source "www.chesslib.no"]
[SourceDate "2004.05.04"]

1. Nc3 d5 2. e4 d4 3. Nce2 e5 4. Ng3 Be6 5. Nf3 Nd7 6. c3 c5 7. Bb5 f6 8. Qe2 Nh6 9. Bc4 Qb6 10. a4 Nf7 11. a5 Qc6 12. Bxe6 Qxe6 13. d3 g6 14. O-O Be7 15. Nd2 O-O 16. Nc4 b5 17. axb6 axb6 18. Bd2 b5 19. Na5 dxc3 20. bxc3 Bd8 21. Nb3 Rxa1 22. Nxa1 Bb6 23. Nc2 Nd6 24. Ra1 f5 25. exf5 gxf5 26. Kh1 c4 27. d4 f4 28. Nh5 f3 29. gxf3 Qf5 30. Rg1+ Kh8 31. Bh6 Rg8 32. Bg7+ Rxg7 33. Nxg7 Qd3 34. Qxd3 cxd3 35. Nb4 exd4 36. cxd4 Bxd4 37. Ne6 Bxf2 38. Rd1 Ne5 39. Nxd3 Nxd3 40. Rxd3 Nf7 41. Rd7 Kg8 42. Rb7 Nd6 43. Rg7+ Kh8 44. Rd7 1-0

[Event "Ostrava"]
[Site "Ostrava"]
[Date "1994.??.??"]
[Round "5"]
[White "Conquest, Stuart"]
[Black "Smejkal, Jan"]
[Result "1-0"]
[WhiteElo "2495"]
[BlackElo "2520"]
[PlyCount "76"]
[EventDate "1994.06.??"]
[Source "ChessBase"]

1. Nc3 e5 2. Nf3 Nc6 3. d4 exd4 4. Nxd4 Nf6 5. Bg5 Bc5 6. e3 h6 7. Bh4 O-O 8. Nf5 d5 9. Qf3 Bxf5 10. Qxf5 Bb4 11. Bd3 Qd7 12. O-O-O Qxf5 13. Bxf5 Bxc3 14. bxc3 Ne7 15. Bd3 c6 16. f3 Rfe8 17. g4 Nd7 18. Bg3 Ng6 19. Rhe1 Nge5 20. Be2 Nb6 21. Rd4 Re7 22. Rb4 Rae8 23. Bh4 g5 24. Bf2 Nec4 25. e4 Re6 26. h4 Nd6 27. hxg5 hxg5 28. Rh1 dxe4 29. Bd4 f6 30. Rb1 Nd5 31. fxe4 Rxe4 32. Bd3 Re1+ 33. Kb2 Rxb1+ 34. Kxb1 Ne4 35. c4 Ndc3+ 36. Kb2 Na4+ 37. Ka3 Nac5 38. Re1 Rd8 1-0

[Event "Budapest"]
[Site "Budapest HUN"]
[Date "1991.??.??"]
[Round "2"]
[White "Rogers, Ian"]
[Black "Lukacs, Peter"]
[Result "1-0"]
[WhiteElo "2545"]
[BlackElo "2460"]
[PlyCount "65"]
[EventDate "1991.11.??"]
[Source "www.chesslib.no"]
[SourceDate "2004.05.04"]

1. Nc3 d5 2. e4 dxe4 3. Nxe4 Nd7 4. d4 Ngf6 5. Nxf6+ Nxf6 6. Nf3 Bf5 7. c3 e6 8. Ne5 Be7 9. Qb3 Qc8 10. Be2 O-O 11. g4 Be4 12. f3 Bd5 13. c4 Bc6 14. Bf4 Qe8 15. Nxc6 Qxc6 16. O-O-O Bd6 17. Bg3 a6 18. Kb1 Rab8 19. g5 Ne8 20. Bd3 g6 21. Be4 Qd7 22. c5 Bxg3 23. hxg3 c6 24. g4 Nc7 25. Qc2 f5 26. gxf6 Rxf6 27. Rh6 Rbf8 28. Rdh1 Rxf3 29. Bxf3 Rxf3 30. Qxg6+ hxg6 31. Rh8+ Kf7 32. R1h7+ Kf6 33. Rxd7 1-0

[Event "Sarajevo"]
[Site "Sarajevo"]
[Date "1988.??.??"]
[Round "?"]
[White "Mestrovic, Zvonimir"]
[Black "Romanishin, Oleg M"]
[Result "0-1"]
[WhiteElo "2430"]
[BlackElo "2570"]
[PlyCount "84"]
[EventDate "1988.03.??"]
[Source "ChessBase"]

1. Nc3 d5 2. e4 d4 3. Nce2 e5 4. Nf3 Bd6 5. Ng3 Nf6 6. Bc4 O-O 7. O-O c5 8. d3 Nc6 9. a4 Be6 10. Bxe6 fxe6 11. Nd2 Ne7 12. Nc4 Ng6 13. Nh5 Bc7 14. g3 Kh8 15. Nxf6 gxf6 16. Bh6 Rf7 17. f4 exf4 18. gxf4 f5 19. e5 Qd7 20. Qh5 Rg8 21. Kf2 b6 22. Rg1 a6 23. Rg3 b5 24. axb5 axb5 25. Nd2 c4 26. Nf3 Bd8 27. Ng5 Bxg5 28. Bxg5 cxd3 29. cxd3 Qc7 30. h4 Rgf8 31. Qe2 Ne7 32. Qh5 Ng8 33. Kg1 Rg7 34. Rg2 h6 35. Bxh6 Rh7 36. Rg6 Nxh6 37. Qg5 Ng4 38. h5 Qc2 39. Qh4 Qxd3 40. h6 Qe3+ 41. Kg2 Qxf4 42. Rf1 Ne3+ 0-1

[Event "Pula tt2"]
[Site "Pula CRO"]
[Date "1990.??.??"]
[Round "4"]
[White "Mestrovic, Zvonimir"]
[Black "Hulak, Krunoslav"]
[Result "1/2-1/2"]
[WhiteElo "2440"]
[BlackElo "2560"]
[PlyCount "28"]
[EventDate "1990.??.??"]
[Source "www.chesslib.no"]
[SourceDate "2004.05.04"]

1. Nc3 c5 2. Nf3 e6 3. g3 Nf6 4. e4 d6 5. e5 dxe5 6. Nxe5 Be7 7. Bg2 O-O 8. O-O Na6 9. d3 Nb4 10. Re1 Nbd5 11. a4 a6 12. a5 Nb4 13. Nc4 Ra7 14. Na4 Bd7 1/2-1/2

[Event "TCh-CRO, Pula CRO"]
[Site "?"]
[Date "2001.??.??"]
[Round "4"]
[White "Mestrovic, Z."]
[Black "Sermek, D."]
[Result "0-1"]
[WhiteElo "2425"]
[BlackElo "2575"]
[PlyCount "60"]
[EventDate "2001.??.??"]
[Source "www.chesslib.no"]
[SourceDate "2004.05.04"]

1. Nc3 c5 2. Nf3 Nc6 3. d4 cxd4 4. Nxd4 g6 5. Bg5 Bg7 6. Ndb5 Nf6 7. Nd5 Nxd5 8. Nd6+ Kf8 9. Qxd5 Qa5+ 10. Qxa5 Nxa5 11. Bd2 exd6 12. Bxa5 Bxb2 13. Rb1 Be5 14. g3 b6 15. Bg2 Rb8 16. Bb4 Ke7 17. e3 Bb7 18. Bxb7 Rxb7 19. f4 Bg7 20. Rd1 Rc8 21. Bxd6+ Ke6 22. O-O Rc6 23. Ba3 f5 24. Rd2 d5 25. Rfd1 Rd7 26. Rb1 Rc4 27. Kf1 Rdc7 28. Rb5 Ra4 29. Bb4 Rc6 30. c3 a5 0-1

[Event "Soviet Union"]
[Site "Soviet Union"]
[Date "1978.??.??"]
[Round "?"]
[White "Gulko, Boris F"]
[Black "Gutman, Lev"]
[Result "1-0"]
[WhiteElo "2575"]
[BlackElo "2420"]
[PlyCount "49"]
[EventDate "1978.??.??"]
[Source "www.chesslib.no"]
[SourceDate "2004.05.04"]

1. Nc3 c5 2. Nf3 d6 3. g3 g6 4. Bg2 Bg7 5. O-O Nc6 6. e3 Nh6 7. d4 cxd4 8. exd4 Nf5 9. d5 Ne5 10. Ng5 h5 11. h3 Bd7 12. a4 Rc8 13. Ne2 Qb6 14. Ra2 Qa6 15. b3 b5 16. Bd2 bxa4 17. Nc3 Nd4 18. Nxa4 Qe2 19. f4 Bxa4 20. fxe5 Bxe5 21. bxa4 Qc4 22. Ra3 Ne2+ 23. Kh1 f6 24. Ne4 f5 25. Re1 1-0

[Event "Biel Open"]
[Site "Biel SUI"]
[Date "1990.??.??"]
[Round "6"]
[White "Mestrovic, Zvonimir"]
[Black "Rozentalis, Eduardas"]
[Result "0-1"]
[WhiteElo "2470"]
[BlackElo "2520"]
[PlyCount "96"]
[EventDate "1990.07.??"]
[Source "www.chesslib.no"]
[SourceDate "2004.05.04"]

1. Nc3 e5 2. Nf3 Nc6 3. d4 exd4 4. Nxd4 Nf6 5. Bg5 Bb4 6. Qd3 O-O 7. Nxc6 bxc6 8. Qd4 Be7 9. O-O-O c5 10. Qa4 d6 11. e4 Bd7 12. Qa5 Nxe4 13. Bxe7 Qxe7 14. Nxe4 Qxe4 15. Qxc7 Bf5 16. Bd3 Qf4+ 17. Kb1 Rfc8 18. Qa5 Be6 19. Qd2 Qf6 20. c3 Rab8 21. Ka1 Rb6 22. f4 Rcb8 23. f5 Bd5 24. Rhe1 h6 25. Re2 a5 26. Qf4 Bc6 27. Bc4 Bd7 28. g4 g5 29. Qe4 Re8 30. Qf3 Rxe2 31. Qxe2 Kg7 32. Re1 Bc6 33. Qd3 Rb7 34. a3 Re7 35. Rd1 Re4 36. h3 Rf4 37. Qxd6 Qxd6 38. Rxd6 Bg2 39. Bd5 Bxh3 40. Rd7 Kf6 41. Rxf7+ Ke5 42. c4 Bxg4 43. Ra7 Bd1 44. b4 axb4 45. a4 Rxf5 46. a5 Rf6 47. Re7+ Kd4 48. Bb7 Bf3 0-1

[Event "ch-UKR, Ordzhonikidze UKR"]
[Site "?"]
[Date "2001.??.??"]
[Round "5"]
[White "Mikhaletz, L."]
[Black "Sergeev, Vl"]
[Result "1-0"]
[WhiteElo "2485"]
[BlackElo "2495"]
[PlyCount "183"]
[EventDate "2001.??.??"]
[Source "www.chesslib.no"]
[SourceDate "2004.05.04"]

1. Nc3 d5 2. Nf3 Nf6 3. d3 Bg4 4. g3 e6 5. Bg2 Be7 6. h3 Bh5 7. O-O O-O 8. e4 Nbd7 9. g4 dxe4 10. dxe4 Bg6 11. Qe2 c6 12. Bf4 Qa5 13. a3 e5 14. Bg3 Rfe8 15. Rfd1 Qc7 16. Rd2 Bf8 17. Rad1 Nb6 18. Nh4 Nfd7 19. Nf5 f6 20. h4 Red8 21. g5 fxg5 22. hxg5 Re8 23. Bh3 Nc5 24. Nd6 Bxd6 25. Rxd6 Bf7 26. b3 Qe7 27. Qe3 Ne6 28. Bxe6 Bxe6 29. f3 Nd7 30. a4 Rf8 31. Kg2 Rf7 32. Ne2 Raf8 33. Ng1 Ra8 34. a5 a6 35. Kf2 Re8 36. Ke1 Nf8 37. Bxe5 Bxb3 38. Bg3 Ba4 39. R1d4 Bb5 40. c4 c5 41. R4d5 Bxc4 42. Rxc5 Bb5 43. Qd2 Qxe4+ 44. Kf2 Bc6 45. Rf6 Rd7 46. Qa2+ Bd5 47. Qd2 Bf7 48. Rd6 Rxd6 49. Bxd6 Qh4+ 50. Bg3 Qa4 51. Ne2 Ne6 52. Nc3 Qb4 53. Rd5 Rc8 54. Be5 Nf8 55. Ne4 Qb3 56. Rc5 Rxc5 57. Nxc5 Qd5 58. Qc3 Qa2+ 59. Kg3 Qb1 60. Qe3 b6 61. Ne4 bxa5 62. Bxg7 Qb8+ 63. f4 Ng6 64. Bc3 Qxf4+ 65. Qxf4 Nxf4 66. Kxf4 a4 67. Nc5 Bc4 68. Nxa4 Kf7 69. Nb6 Bb3 70. Ke5 Kg6 71. Bd2 a5 72. Kd4 Be6 73. Kc5 Kf5 74. Kb5 Ba2 75. Kxa5 Bb1 76. Kb5 Ke6 77. Kc6 Be4+ 78. Kc7 Ke7 79. Bb4+ Ke6 80. Kd8 Bc6 81. Nc8 Ba4 82. Nd6 Bc6 83. Ne8 Kf7 84. Nf6 h6 85. Ng4 h5 86. Ne5+ Ke6 87. Nxc6 Kf5 88. Bd2 h4 89. Ne7+ Ke4 90. Ba5 h3 91. Bc7 h2 92. Bxh2 1-0

[Event "TCh-CRO, Pula CRO"]
[Site "?"]
[Date "2001.??.??"]
[Round "2"]
[White "Mestrovic, Z."]
[Black "Kozul, Z."]
[Result "0-1"]
[WhiteElo "2425"]
[BlackElo "2555"]
[PlyCount "100"]
[EventDate "2001.??.??"]
[Source "www.chesslib.no"]
[SourceDate "2004.05.04"]

1. Nc3 c5 2. Nf3 Nc6 3. d4 cxd4 4. Nxd4 g6 5. Be3 d6 6. g3 Bg7 7. Bg2 Bd7 8. O-O Nf6 9. Nxc6 Bxc6 10. f3 O-O 11. Qd2 Re8 12. Rad1 Qc7 13. Bf2 Red8 14. a4 a6 15. b3 d5 16. Na2 a5 17. Nc3 Rac8 18. Nb1 e6 19. c3 Be8 20. Rc1 Nd7 21. Qa2 Nc5 22. c4 d4 23. Na3 e5 24. Bh3 Ra8 25. Nb5 Qe7 26. Rfd1 Bc6 27. Bg2 Bh6 28. Rb1 b6 29. Qc2 Qb7 30. Qb2 Bf8 31. Qd2 Rd7 32. Qg5 Re8 33. h4 f5 34. h5 Ne6 35. Qh4 Be7 36. Qh1 Bc5 37. Rd2 g5 38. Rbd1 Rf7 39. Ra2 h6 40. Rad2 Ref8 41. Kf1 Rg7 42. Qg1 Qf7 43. e3 dxe3 44. Bxe3 Qxh5 45. Bxc5 Nxc5 46. Qe3 f4 47. Qxe5 Bxf3 48. Rd8 Bxg2+ 49. Ke1 Qh1+ 50. Kf2 Ne4+ 0-1

[Event "Lyon zt"]
[Site "Lyon"]
[Date "1990.??.??"]
[Round "10"]
[White "Van der Wiel, John TH"]
[Black "Koch, Jean Rene"]
[Result "1/2-1/2"]
[WhiteElo "2550"]
[BlackElo "2425"]
[PlyCount "93"]
[EventDate "1990.04.??"]
[Source "ChessBase"]

1. Nc3 d5 2. e4 dxe4 3. Nxe4 Nd7 4. Bc4 Ngf6 5. Nxf6+ Nxf6 6. Nf3 e6 7. Qe2 c5 8. a4 Be7 9. Ne5 O-O 10. O-O Qd4 11. Re1 Bd6 12. Nf3 Qg4 13. h3 Qh5 14. Ne5 Qxe2 15. Rxe2 Bxe5 16. Rxe5 b6 17. d3 Bb7 18. Re2 Nd5 19. Bd2 a6 20. f4 Rfe8 21. Rae1 Kf8 22. g4 Rac8 23. Kf2 Nb4 24. Bc3 Bc6 25. Bxb4 cxb4 26. Bxa6 Ra8 27. Bb5 Bxb5 28. axb5 Rec8 29. Rc1 Rc5 30. Re5 Ra5 31. Rxc5 bxc5 32. b6 Ra6 33. Ra1 Rxb6 34. Ra5 Rc6 35. Ke3 Ke7 36. Ra7+ Kf6 37. c4 bxc3 38. bxc3 h6 39. h4 Rc8 40. c4 Rc6 41. Rd7 Rc8 42. Ke4 Rc6 43. g5+ Kg6 44. gxh6 gxh6 45. Ra7 f6 46. Ra1 Kh5 47. f5 1/2-1/2

[Event "New York Open"]
[Site "Newark, NJ USA"]
[Date "1995.??.??"]
[Round "?"]
[White "Bottema, Tom"]
[Black "Kaidanov, Gregory S"]
[Result "0-1"]
[WhiteElo "2370"]
[BlackElo "2605"]
[PlyCount "64"]
[EventDate "1995.04.12"]
[Source "www.chesslib.no"]
[SourceDate "2004.05.04"]

1. Nc3 d5 2. e4 e6 3. b3 Nf6 4. e5 Nfd7 5. f4 c5 6. Nf3 Nc6 7. Bb2 a6 8. Bd3 Be7 9. O-O O-O 10. Qe1 c4 11. Be2 Nc5 12. d4 cxd3 13. cxd3 f5 14. exf6 Bxf6 15. Rd1 Nd4 16. Qf2 e5 17. Nxd4 exd4 18. Nb1 Ne6 19. Bg4 Qb6 20. g3 Nc7 21. Bxc8 Raxc8 22. Rfe1 Nb5 23. Re2 Qa5 24. a3 Nc3 25. Bxc3 dxc3 26. b4 Qa4 27. Rc1 a5 28. Qg2 axb4 29. Qxd5+ Kh8 30. axb4 c2 31. Nd2 Bb2 32. Qb3 Bxc1 0-1

[Event "Strumica"]
[Site "Strumica"]
[Date "1995.??.??"]
[Round "12"]
[White "Rashkovsky, Nukhim N"]
[Black "Kutirov, Rolando"]
[Result "0-1"]
[WhiteElo "2550"]
[BlackElo "2425"]
[PlyCount "74"]
[EventDate "1995.??.??"]
[Source "www.chesslib.no"]
[SourceDate "2004.05.04"]

1. Nc3 d5 2. e4 d4 3. Nce2 e5 4. Nf3 Nc6 5. Ng3 Be6 6. Bb5 f6 7. Bxc6+ bxc6 8. d3 c5 9. b3 a5 10. a4 Bd6 11. O-O Ne7 12. Nd2 O-O 13. Nc4 Bxc4 14. dxc4 Nc6 15. Bd2 Ne7 16. Qe1 Nc6 17. Ne2 Nb4 18. Bxb4 cxb4 19. Nc1 Qd7 20. Nd3 c5 21. Qe2 Rae8 22. g4 g6 23. f3 f5 24. exf5 gxf5 25. gxf5 Rxf5 26. Qe4 Ref8 27. Qd5+ Kh8 28. Nxc5 Qg7+ 29. Kh1 Bxc5 30. Qxc5 e4 31. Qd6 exf3 32. Rg1 Qa7 33. Rgf1 f2 34. Qc6 Qg7 35. Rad1 Rg5 36. Qe4 Rg8 37. Qxd4 Qxd4 0-1

[Event "Strumica"]
[Site "Strumica"]
[Date "1995.??.??"]
[Round "6"]
[White "Rashkovsky, Nukhim N"]
[Black "Kutirov, Rolando"]
[Result "0-1"]
[WhiteElo "2550"]
[BlackElo "2425"]
[PlyCount "66"]
[EventDate "1995.??.??"]
[Source "www.chesslib.no"]
[SourceDate "2004.05.04"]

1. Nc3 d5 2. e4 d4 3. Nce2 e5 4. f4 Nc6 5. Nf3 Bg4 6. Neg1 exf4 7. Bb5 Nge7 8. d3 Qd6 9. a3 h6 10. Qe2 g5 11. Bd2 a6 12. Ba4 O-O-O 13. h4 Rg8 14. hxg5 hxg5 15. O-O-O Ng6 16. Bxc6 bxc6 17. Kb1 f6 18. Qf2 c5 19. Ne2 Ne5 20. Nc1 Be6 21. Nxe5 fxe5 22. Nb3 c4 23. dxc4 Bxc4 24. Nc1 Qb6 25. Ka1 Qb5 26. Nd3 Rg6 27. Bc1 Rb6 28. b3 Bxd3 29. Rxd3 Bd6 30. Ka2 g4 31. Qe2 g3 32. a4 Qc6 33. Kb1 Qxa4 0-1

[Event "Ch Yugoslavia Open"]
[Site "Baden-Baden GER"]
[Date "1996.??.??"]
[Round "3"]
[White "Evelev, Vladimir M"]
[Black "Gulko, Boris F"]
[Result "1-0"]
[WhiteElo "2360"]
[BlackElo "2615"]
[PlyCount "77"]
[EventDate "1996.??.??"]
[Source "www.chesslib.no"]
[SourceDate "2004.05.04"]

1. Nc3 d5 2. Nf3 Nf6 3. d3 g6 4. Bf4 Bg7 5. e4 O-O 6. Qc1 Re8 7. Bh6 e5 8. Bxg7 Kxg7 9. g3 b6 10. Bg2 dxe4 11. dxe4 Ba6 12. Nh4 Nc6 13. Ne2 Qd6 14. Nc3 Kh8 15. Qd2 Qc5 16. O-O-O Rad8 17. Nd5 Nxd5 18. exd5 Nb4 19. Kb1 Nxd5 20. Qg5 Bc4 21. Bxd5 Rxd5 22. b3 Qd6 23. Rxd5 Bxd5 24. Rd1 Qe6 25. f4 f6 26. Qh6 Be4 27. fxe5 fxe5 28. Rf1 Qg8 29. Qe3 Bd5 30. g4 Qe6 31. Qh6 Rg8 32. Qg5 e4 33. Ng2 Re8 34. Nf4 Qe5 35. Nxg6+ hxg6 36. Qh6+ Kg8 37. Qxg6+ Kh8 38. Rf5 Qxf5 39. Qxe8+ 1-0

[Event "Lewkowitz Memorial B"]
[Site "Lewkowitz Memorial B"]
[Date "1994.??.??"]
[Round "?"]
[White "Perlo, Gerardus C. van"]
[Black "Heilemann, Paul G"]
[Result "1/2-1/2"]
[WhiteElo "2440"]
[BlackElo "2530"]
[PlyCount "46"]
[EventDate "1994.??.??"]
[Source "www.chesslib.no"]
[SourceDate "2004.05.04"]

1. Nc3 d5 2. e4 dxe4 3. Nxe4 Bf5 4. Ng3 Bg6 5. Nf3 Nd7 6. Bc4 e6 7. d3 Ngf6 8. Qe2 Bd6 9. h4 h6 10. h5 Bh7 11. Bd2 Qe7 12. O-O-O c6 13. Ne4 Nd5 14. Nxd6+ Qxd6 15. Rde1 O-O-O 16. g3 Rhe8 17. Ne5 Nxe5 18. Qxe5 Qxe5 19. Rxe5 f6 20. Re2 e5 21. Rhe1 Bf5 22. f3 Kd7 23. a4 Be6 1/2-1/2

[Event "Lewkowitz Memorial B"]
[Site "Lewkowitz Memorial B"]
[Date "1994.??.??"]
[Round "?"]
[White "Perlo, Gerardus C. van"]
[Black "Copie, Jose Antonio"]
[Result "1/2-1/2"]
[WhiteElo "2440"]
[BlackElo "2525"]
[PlyCount "44"]
[EventDate "1994.??.??"]
[Source "www.chesslib.no"]
[SourceDate "2004.05.04"]

1. Nc3 g6 2. h4 d5 3. h5 Bg7 4. e4 d4 5. Nce2 e5 6. Ng3 a6 7. Bc4 b5 8. Bb3 c5 9. d3 Qc7 10. hxg6 hxg6 11. Rxh8 Bxh8 12. Qe2 Nd7 13. a4 Bb7 14. axb5 axb5 15. Rxa8+ Bxa8 16. c4 Bc6 17. cxb5 Bxb5 18. Nf3 Nb6 19. Qc2 Qc6 20. Nd2 Ne7 21. Nc4 Nec8 22. Na5 Qc7 1/2-1/2